01511nam a2200349 a 4500001001000000003000500010005001700015008004100032010001100073011001100084040000900095090001000104100004100114245019100155260004100346500006000387502007700447590004100524590004000565590004000605650003500645650003300680650003200713650002800745856007000773901000700843942001000850942000600860999001900866952013600885952014001021000111011CHAP20220329144154.0141124s2014 mx fsm |||||||spa d a107473 a108445 cCHAP aTesis1 aMartínez Arredondo, José912879510aEfectividad biológica de dos paquetes biotecnológicos comerciales en la producción de frijol grano, en Valle de Santiago, Guanajuatoh[En línea]cpor José Martínez Arredondo. aChapingo, Méx. :bEl autor,c2014. aPara ver el contenido del material haga clic en la liga aTesis (Ing. Agr. Esp. en Fitotecnia) -- UACH. Departamento de Fitotecnia aE11695DGDb10c20141124lUCH01h1450 aE5995AHEb05c20141124lUCH01h1131 aE5995AHEb05c20141124lUCH01h113514aAbonosxEfecto en frijol.925014aFrijolxMejoramiento.94340414aFrijolxRendimiento.94342914aFrijolxSemilla.943433 aFinding aiduhttp://10.13.5.2/tesis/sist111011.pdfzTeclea aquí aBK cTESIS n0 c107473d107473 00104054718TESISaBCbBCd2014-11-24fTESISl0oTesisp33724002432819r2019-12-31 00:00:00w2019-12-31yTESISzRecien adquirido 00102local4053708TESISaBCbBCcPA_TESISd2014-11-24fTESISl0oTesisp33724002432850r2019-12-31 00:00:00tc.2w2019-12-31yTESIS